000 00416nam a2200157 4500
001 130970
003 ES-MaACL
005 20230906193905.0
007 t|
008 070214s1969 sp r ||||1| spa d
100 1 _aRocco, Ugo.
_998037
245 1 0 _aProblemas y casos de confesión /
_cUgo Rocco.
260 _aBilbao :
_bMensajero,
_c1969.
300 _a252 p. ;
_c20 cm.
852 _aES-MaACL
_jC-51763
_bR.72681
999 _c130970
_d130970